| 000 | 01170cam a2200349 a 4500 | ||
|---|---|---|---|
| 005 | 20260322212042.0 | ||
| 008 | data | ||
| 010 | _a 88004146 | ||
| 020 |
_a0816148643 _c{dollar}14.95 ({dollar}20.95 Can.) |
||
| 020 |
_a9780816148646 _c{dollar}14.95 ({dollar}20.95 Can.) |
||
| 040 |
_aDLC _cDLC _dDLC _dOCoLC _dDLC |
||
| 050 | 0 | 0 |
_aPS3552.R354 _bC36 1988 |
| 082 | 0 | 0 |
_a813/.54 _219 |
| 100 | 1 | _aBraun, Lilian Jackson. | |
| 245 | 1 | 4 |
_aThe cat who sniffed glue / _cLilian Jackson Braun. |
| 250 | _aLarge print | ||
| 260 |
_aBoston, MA : _bG.K. Hall & Co, _c1990, c1988. |
||
| 300 |
_a304 p. ; _c23 cm. |
||
| 490 | _aG.K. Hall large print book series | ||
| 650 | 0 |
_aQwilleran, Jim (Fictitious character) _vFiction. |
|
| 650 | 0 |
_aYum Yum (Fictitious character : Braun) _vFiction. |
|
| 650 | 0 |
_aKoko (Fictitious character) _vFiction. |
|
| 650 | 0 |
_aCountry life _vFiction. |
|
| 650 | 0 |
_aMillionaires _vFiction. |
|
| 650 | 0 |
_aSiamese cat _vFiction. |
|
| 650 | 0 |
_aCat owners _vFiction. |
|
| 650 | 0 |
_aVandalism _vFiction. |
|
| 650 | 0 |
_aCats _vFiction. |
|
| 650 | 0 |
_aMoose County (Imaginary place) _vFiction. |
|
| 655 | 7 |
_aDetective and mystery stories. _2gsafd |
|
| 001 | data | ||
| 999 |
_c987 _d987 |
||